Viacnásobne prístupný SRBD SOFIS a TP monitorom - implementácia

Na minha lista:
Detalhes bibliográficos
Formato: Livro
Idioma:eslovaco
Publicado em: Bratislava Výskumný ústav sociálno-ekonomických informácií a automatizácie v riadení 1984
Colecção:Výskumné práce č. 6
Tags: Adicionar Tag
Sem tags, seja o primeiro a adicionar uma tag!

MARC

LEADER 00000nam a2200000 4500
001 c108314
005 20181203150301.6
041 0 |a slo 
044 |a SK 
245 1 0 |a Viacnásobne prístupný SRBD SOFIS a TP monitorom - implementácia 
264 1 |a Bratislava  |b Výskumný ústav sociálno-ekonomických informácií a automatizácie v riadení  |c 1984 
300 |a 99 s. 
490 1 |a Výskumné práce  |v č. 6 
830 0 |a Výskumné práce  |v č. 6